000 00618nam a2200181 a 4500
001 000342245
003 AM-YeHGA
005 20250618072132.0
008 040610s1918 ai 000 | arm d
040 _aAM-YeHGA
041 0 _aarm
245 0 0 _aՔնար :
_bԳրպանի նոր երգարան /
_cՀաւաքեց՝ Տիրան Կ. Վարժապետեան.
260 _aԱ. տ. :
_bտպ. էլմաստ-Սաթին,
_c1918.
300 _a180 էջ :
_bդիմանկ., նկ., նոտա ;
_c17 սմ.
650 1 4 _aԵրգարան
_94590
700 1 _aՎարժապետեան, Տիրան Կ.
_eհավաք.
_4com
090 _c131366
999 _c130002
_d130002